[Event "13. Obert Int. Sant Marti 2011"]
[Site "Barcelona ESP"]
[Date "2011.07.18"]
[Round "6.15"]
[White "Lorenzo De La Riva, Lazaro"]
[Black "Martinez Romero, Martin"]
[Result "1-0"]
[WhiteElo "2391"]
[BlackElo "2235"]
[PlyCount "99"]
[EventDate "2011.07.13"]
[EventType "swiss"]
[EventRounds "9"]
[EventCountry "ESP"]
[SourceTitle "Ajedrez en Madrid"]
[Source "lmi"]
[SourceDate "2011.07.13"]
[SourceVersion "1"]
[SourceVersionDate "2019.06.21"]
[SourceQuality "1"]

1. e4 c5 2. Nc3 Nc6 3. f4 e6 4. Nf3 d5 5. d3 Nf6 6. e5 Nd7 7. g3 a6 8. Bh3 b5
9. O-O Bb7 10. f5 Ndxe5 11. Nxe5 Nxe5 12. Bf4 Bd6 13. Re1 Qc7 14. fxe6 O-O 15.
Qh5 g6 16. Qe2 f6 17. Bg2 d4 18. Nd5 Qg7 19. Nxf6+ Rxf6 20. Bxe5 Bxe5 21. Bxb7
Qxb7 22. Qxe5 Qe7 23. Re2 Re8 24. Rae1 Rf5 25. Qe4 Ref8 26. Qc6 Qf6 27. Qg2 Re8
28. e7 Rf3 29. Re6 Qf5 30. R6e5 Qf6 31. Rxc5 Re3 32. Rxe3 dxe3 33. Qd5+ Kg7 34.
Qe5 Rxe7 35. Qxf6+ Kxf6 36. Kf1 e2+ 37. Ke1 g5 38. Rc6+ Kf5 39. Rxa6 h5 40. Rh6
Kg4 41. Rf6 Kh3 42. Rf2 g4 43. c4 b4 44. b3 Re3 45. d4 Rd3 46. d5 Re3 47. Rxe2
Rxe2+ 48. Kxe2 Kxh2 49. d6 h4 50. d7 1-0

[Event "13. Obert Int. Sant Marti 2011"]
[Site "Barcelona ESP"]
[Date "2011.07.18"]
[Round "6.16"]
[White "Capellades Subirana, Marc"]
[Black "Carstensen, Jacob"]
[Result "0-1"]
[WhiteElo "2260"]
[BlackElo "2391"]
[PlyCount "106"]
[EventDate "2011.07.13"]
[EventType "swiss"]
[EventRounds "9"]
[EventCountry "ESP"]
[SourceTitle "Ajedrez en Madrid"]
[Source "lmi"]
[SourceDate "2011.07.13"]
[SourceVersion "1"]
[SourceVersionDate "2019.06.21"]
[SourceQuality "1"]

1. e4 e6 2. d4 d5 3. Nc3 Bb4 4. e5 c5 5. a3 Bxc3+ 6. bxc3 Qc7 7. Bb5+ Bd7 8.
Bxd7+ Nxd7 9. Ne2 Rc8 10. Rb1 Ne7 11. O-O O-O 12. a4 Nc6 13. Nf4 Rfe8 14. Nh5
Ne7 15. Re1 cxd4 16. cxd4 Qxc2 17. Rxb7 Nb6 18. a5 Qxd1 19. Rxd1 Nc4 20. Rxa7
Nc6 21. Rb7 N6xa5 22. Rb1 Rb8 23. Be3 Na3 24. Rxb8 Rxb8 25. Ng3 N5c4 26. Rc1
Rb2 27. Ra1 Rb8 28. Rc1 h6 29. Nf1 Rb2 30. h3 Nc2 31. Kh2 Kh7 32. Kg3 Kg6 33.
Kf3 f6 34. exf6 gxf6 35. Rd1 h5 36. Ng3 N2xe3 37. fxe3 Nd2+ 38. Kf4 Nc4 39. Kf3
Nd2+ 40. Kf4 h4 41. Ne2 e5+ 42. Kg4 Ne4 43. Kf3 Rxe2 44. Kxe2 Nc3+ 45. Kd2 Nxd1
46. Kxd1 exd4 47. exd4 Kf5 48. Ke2 Kf4 49. Kf2 f5 50. g3+ hxg3+ 51. Kg2 Ke3 52.
h4 f4 53. h5 f3+ 0-1

[Event "13. Obert Int. Sant Marti 2011"]
[Site "Barcelona ESP"]
[Date "2011.07.18"]
[Round "6.17"]
[White "Randazzo, Adrian"]
[Black "Beltran Rueda, Santiago"]
[Result "0-1"]
[WhiteElo "2226"]
[BlackElo "2376"]
[PlyCount "58"]
[EventDate "2011.07.13"]
[EventType "swiss"]
[EventRounds "9"]
[EventCountry "ESP"]
[SourceTitle "Ajedrez en Madrid"]
[Source "lmi"]
[SourceDate "2011.07.13"]
[SourceVersion "1"]
[SourceVersionDate "2019.06.21"]
[SourceQuality "1"]

1. e4 c5 2. Nf3 e6 3. d4 cxd4 4. Nxd4 a6 5. Bd3 Nf6 6. Qe2 d6 7. Nc3 Be7 8. Be3
b5 9. Nc6 Nxc6 10. g4 Bb7 11. g5 Nd7 12. f4 Nc5 13. O-O-O Nxd3+ 14. Rxd3 Qc7
15. Qf2 Nb8 16. f5 Nd7 17. Rf1 Ne5 18. Rd4 Rc8 19. Bf4 Nc4 20. fxe6 fxe6 21. g6
h6 22. Bxh6 Rf8 23. Qe2 gxh6 24. Rxf8+ Bxf8 25. Rd3 Ne5 26. Rg3 Bg7 27. a3 Qc4
28. Qe3 Qf1+ 29. Nd1 Nc4 0-1

[Event "13. Obert Int. Sant Marti 2011"]
[Site "Barcelona ESP"]
[Date "2011.07.18"]
[Round "6.18"]
[White "Vidarte Morales, Arturo"]
[Black "Moreno Martin, Daniel"]
[Result "1-0"]
[WhiteElo "2359"]
[BlackElo "2176"]
[PlyCount "71"]
[EventDate "2011.07.13"]
[EventType "swiss"]
[EventRounds "9"]
[EventCountry "ESP"]
[SourceTitle "Ajedrez en Madrid"]
[Source "lmi"]
[SourceDate "2011.07.13"]
[SourceVersion "1"]
[SourceVersionDate "2019.06.21"]
[SourceQuality "1"]

1. g3 d5 2. Bg2 Nf6 3. d3 c6 4. Nf3 Bg4 5. O-O Nbd7 6. Nc3 e5 7. Qe1 Be7 8. Nd2
O-O 9. e4 Bb4 10. exd5 Bxc3 11. bxc3 cxd5 12. c4 Qa5 13. cxd5 Qc3 14. Nb3 Qxc2
15. Qe3 Rfc8 16. Ba3 Bf5 17. d6 Rab8 18. Bxb7 Rd8 19. Rfc1 Qxd3 20. Qxd3 Bxd3
21. Rc7 Nb6 22. Na5 Rd7 23. Rac1 h6 24. Rxd7 Nfxd7 25. Rc7 e4 26. Nc6 Re8 27.
Ne7+ Kh7 28. Bb2 Bb5 29. Bxe4+ g6 30. Rxa7 Nc4 31. Ba3 Nf6 32. Bxg6+ fxg6 33.
Nd5+ Nd7 34. Nf6+ Kh8 35. Nxe8 Nce5 36. Bb2 1-0

[Event "13. Obert Int. Sant Marti 2011"]
[Site "Barcelona ESP"]
[Date "2011.07.18"]
[Round "6.19"]
[White "Thompson, Ian D"]
[Black "Dalo, Hermes"]
[Result "1/2-1/2"]
[WhiteElo "2274"]
[BlackElo "2049"]
[PlyCount "105"]
[EventDate "2011.07.13"]
[EventType "swiss"]
[EventRounds "9"]
[EventCountry "ESP"]
[SourceTitle "Ajedrez en Madrid"]
[Source "lmi"]
[SourceDate "2011.07.13"]
[SourceVersion "1"]
[SourceVersionDate "2019.06.21"]
[SourceQuality "1"]

1. c4 Nf6 2. Nc3 g6 3. g3 Bg7 4. Bg2 d6 5. e4 e5 6. Nge2 Nc6 7. d3 O-O 8. O-O
a5 9. h3 Nd4 10. f4 Ne8 11. Kh2 c6 12. Be3 f5 13. Qd2 Be6 14. fxe5 dxe5 15.
exf5 gxf5 16. Bg5 Qd6 17. Nxd4 exd4 18. Ne2 Nf6 19. Bf4 Qc5 20. Rae1 Rae8 21.
Nc1 a4 22. b4 axb3 23. Nxb3 Qa7 24. Bd6 Rf7 25. Bc5 b6 26. Bxd4 Qc7 27. Qf4 c5
28. Qxc7 Rxc7 29. Bxf6 Bxf6 30. Rxe6 Rxe6 31. Bd5 Rce7 32. Re1 Kf7 33. g4 fxg4
34. hxg4 Bc3 35. Rxe6 Rxe6 36. Nc1 Kf6 37. Bxe6 Kxe6 38. Kg2 Ke5 39. Ne2 Bd2
40. Kf3 Bg5 41. Nc3 Kd4 42. Ne4 Be7 43. Ke2 Bd8 44. a4 Be7 45. Kd2 Bd8 46. Nc3
Bg5+ 47. Kc2 Bh4 48. Nd5 Bd8 49. Kd2 Bg5+ 50. Ke2 Bd8 51. g5 Ke5 52. Kf3 Kf5
53. Ne3+ 1/2-1/2

[Event "13. Obert Int. Sant Marti 2011"]
[Site "Barcelona ESP"]
[Date "2011.07.18"]
[Round "6.20"]
[White "Font Purroy, Vicenc"]
[Black "Ortiz Suarez, Isan Reynaldo"]
[Result "0-1"]
[WhiteElo "2154"]
[BlackElo "2556"]
[PlyCount "110"]
[EventDate "2011.07.13"]
[EventType "swiss"]
[EventRounds "9"]
[EventCountry "ESP"]
[SourceTitle "Ajedrez en Madrid"]
[Source "lmi"]
[SourceDate "2011.07.13"]
[SourceVersion "1"]
[SourceVersionDate "2019.06.21"]
[SourceQuality "1"]

1. c4 c5 2. g3 Nc6 3. Bg2 g6 4. Nc3 Bg7 5. Nf3 d6 6. O-O e5 7. d3 Nge7 8. Rb1
O-O 9. a3 a5 10. e4 f5 11. Nd5 f4 12. Qb3 Ra6 13. Bd2 a4 14. Qd1 Bg4 15. h3
Bxf3 16. Bxf3 Nd4 17. Bh1 h5 18. Kh2 Bh6 19. gxf4 Nxd5 20. exd5 Qh4 21. Be4
Bxf4+ 22. Bxf4 Rxf4 23. f3 g5 24. Qe1 Qxe1 25. Rbxe1 Rb6 26. Rf2 Kf7 27. Rg1
Kf6 28. Rg3 h4 29. Rg1 Rb3 30. Kh1 Nf5 31. Bxf5 Rxf5 32. Rd1 Rf4 33. Kg2 Rd4
34. Rfd2 b5 35. Rc1 Rbxd3 36. Rxd3 Rxd3 37. cxb5 Rxd5 38. b3 Rd2+ 39. Kg1 Rd3
40. bxa4 Rxa3 41. Rc4 Ke6 42. Kf2 Kd5 43. Rg4 c4 44. Rxg5 Rxa4 45. f4 Ra2+ 46.
Kf3 Ra3+ 47. Kg4 c3 48. Kxh4 Ra4 49. Rg1 Rxf4+ 50. Kg5 Rb4 51. h4 Rxb5 52. h5
Rb8 53. Rd1+ Ke4 54. h6 c2 55. Rc1 Kd3 0-1

[Event "13. Obert Int. Sant Marti 2011"]
[Site "Barcelona ESP"]
[Date "2011.07.19"]
[Round "7.1"]
[White "Bacallao Alonso, Yusnel"]
[Black "Moskalenko, Viktor"]
[Result "1/2-1/2"]
[WhiteElo "2532"]
[BlackElo "2591"]
[PlyCount "42"]
[EventDate "2011.07.13"]
[EventType "swiss"]
[EventRounds "9"]
[EventCountry "ESP"]
[SourceTitle "Ajedrez en Madrid"]
[Source "lmi"]
[SourceDate "2011.07.13"]
[SourceVersion "1"]
[SourceVersionDate "2019.06.21"]
[SourceQuality "1"]

1. Nf3 e6 2. b3 d5 3. e3 Nf6 4. Bb2 Bd6 5. c4 O-O 6. Qc2 Nbd7 7. Nc3 c6 8. d4
e5 9. cxd5 cxd5 10. Nb5 Bb4+ 11. Bc3 Bxc3+ 12. Nxc3 e4 13. Nd2 Nb8 14. Be2 Nc6
15. O-O Be6 16. f3 exf3 17. Nxf3 h6 18. Bb5 Ne7 19. Bd3 Rc8 20. Qd2 Nc6 21.
Rac1 Qd6 1/2-1/2

[Event "13. Obert Int. Sant Marti 2011"]
[Site "Barcelona ESP"]
[Date "2011.07.19"]
[Round "7.4"]
[White "Leon Hoyos, Manuel"]
[Black "Cruz, Jonathan"]
[Result "1-0"]
[WhiteElo "2548"]
[BlackElo "2406"]
[PlyCount "75"]
[EventDate "2011.07.13"]
[EventType "swiss"]
[EventRounds "9"]
[EventCountry "ESP"]
[SourceTitle "Ajedrez en Madrid"]
[Source "lmi"]
[SourceDate "2011.07.13"]
[SourceVersion "1"]
[SourceVersionDate "2019.06.21"]
[SourceQuality "1"]

1. c4 Nf6 2. g3 e5 3. Bg2 g6 4. Nc3 Nc6 5. e4 d6 6. Nge2 Be6 7. Nd5 Bg7 8. d3
Nd7 9. Be3 a5 10. h4 Nc5 11. Bg5 f6 12. Be3 Nb4 13. Nxb4 axb4 14. h5 O-O 15.
hxg6 hxg6 16. b3 Qe8 17. d4 exd4 18. Bxd4 Bf7 19. Qc2 b5 20. cxb5 Qxb5 21. O-O
Ne6 22. Bb2 Ra5 23. Rfd1 Qa6 24. Nc1 Rh5 25. Nd3 Rb8 26. Qd2 Qb5 27. Rac1 Bh6
28. f4 Bg7 29. Bf3 Rh7 30. Rc4 c5 31. Nf2 Nd4 32. Bxd4 Bxc4 33. bxc4 Qxc4 34.
Bxf6 Bxf6 35. e5 Qc3 36. Qxd6 Bxe5 37. fxe5 Re8 38. Qxg6+ 1-0

[Event "13. Obert Int. Sant Marti 2011"]
[Site "Barcelona ESP"]
[Date "2011.07.19"]
[Round "7.5"]
[White "Cruz, Cristhian"]
[Black "Munoz Pantoja, Miguel"]
[Result "1/2-1/2"]
[WhiteElo "2470"]
[BlackElo "2482"]
[PlyCount "109"]
[EventDate "2011.07.13"]
[EventType "swiss"]
[EventRounds "9"]
[EventCountry "ESP"]
[SourceTitle "Ajedrez en Madrid"]
[Source "lmi"]
[SourceDate "2011.07.13"]
[SourceVersion "1"]
[SourceVersionDate "2019.06.21"]
[SourceQuality "1"]

1. d4 Nf6 2. c4 c5 3. d5 g6 4. Nc3 d6 5. g3 Bg7 6. Bg2 O-O 7. Nf3 e5 8. O-O Ne8
9. e4 Bg4 10. Qd3 Bxf3 11. Qxf3 f5 12. exf5 gxf5 13. Qe2 Nd7 14. f4 exf4 15.
Bxf4 Be5 16. Bh3 Qf6 17. Bxe5 Qxe5 18. Qxe5 Nxe5 19. Bxf5 Ng7 20. Bh3 Nxc4 21.
Ne4 Rxf1+ 22. Bxf1 Ne3 23. Nxd6 Rd8 24. Ne4 b6 25. Re1 Nc2 26. Re2 Nd4 27. Rf2
Ne8 28. a4 Kg7 29. Bc4 h6 30. Kg2 Rd7 31. Rf4 Nd6 32. Nxd6 Rxd6 33. Kf2 a6 34.
b4 Nc2 35. bxc5 bxc5 36. Ke2 Nd4+ 37. Kd3 Nc6 38. Ke4 Ne7 39. Rf3 Nc8 40. Rb3
Nb6 41. Bxa6 Nxd5 42. Bb7 c4 43. Ra3 Nf6+ 44. Kf3 Nd7 45. a5 Nc5 46. a6 c3 47.
a7 c2 48. Ra1 Rd8 49. Rc1 Nxb7 50. Rxc2 Nd6 51. Rc7+ Kf6 52. Rd7 Rf8 53. a8=Q
Rxa8 54. Rxd6+ Kg7 55. Ke4 1/2-1/2

[Event "13. Obert Int. Sant Marti 2011"]
[Site "Barcelona ESP"]
[Date "2011.07.19"]
[Round "7.7"]
[White "Lorenzo De La Riva, Lazaro"]
[Black "Gonzalez Perez, Arian"]
[Result "1-0"]
[WhiteElo "2391"]
[BlackElo "2490"]
[PlyCount "109"]
[EventDate "2011.07.13"]
[EventType "swiss"]
[EventRounds "9"]
[EventCountry "ESP"]
[SourceTitle "Ajedrez en Madrid"]
[Source "lmi"]
[SourceDate "2011.07.13"]
[SourceVersion "1"]
[SourceVersionDate "2019.06.21"]
[SourceQuality "1"]

1. e4 c5 2. Nf3 Nc6 3. d4 cxd4 4. Nxd4 Nf6 5. Nc3 e5 6. Ndb5 d6 7. Bg5 a6 8.
Na3 b5 9. Nd5 Be7 10. Bxf6 Bxf6 11. c4 b4 12. Nc2 a5 13. Qf3 Be6 14. Rd1 Bxd5
15. cxd5 Na7 16. Ne3 O-O 17. h4 Qd7 18. g4 Bd8 19. g5 Bb6 20. Nf5 Rac8 21. Bd3
Rc7 22. h5 Nb5 23. h6 Nd4 24. Nxd4 Bxd4 25. hxg7 Kxg7 26. Ke2 Rh8 27. Rh6 Bxb2
28. Rg1 Rc1 29. Qf6+ Kg8 30. Rhh1 Rxg1 31. Rxg1 a4 32. Rg3 Bd4 33. Rh3 Bb6 34.
Rg3 Bd8 35. Qf5 Qxf5 36. exf5 Kf8 37. Rg4 a3 38. f6 b3 39. Rb4 Bc7 40. Rxb3 Ke8
41. Rxa3 Bb8 42. Bf5 Kd8 43. Rc3 Bc7 44. a4 Rg8 45. Rg3 Bb6 46. Bxh7 Rh8 47. g6
fxg6 48. Bxg6 Rf8 49. f7 Ke7 50. Rf3 Ra8 51. Bh7 Kf8 52. Bg6 Bd8 53. Bh5 Bh4
54. Rb3 Be7 55. Rg3 1-0

[Event "13. Obert Int. Sant Marti 2011"]
[Site "Barcelona ESP"]
[Date "2011.07.19"]
[Round "7.8"]
[White "Delgado Ramos, Hector"]
[Black "Vidarte Morales, Arturo"]
[Result "1-0"]
[WhiteElo "2488"]
[BlackElo "2359"]
[PlyCount "150"]
[EventDate "2011.07.13"]
[EventType "swiss"]
[EventRounds "9"]
[EventCountry "ESP"]
[SourceTitle "Ajedrez en Madrid"]
[Source "lmi"]
[SourceDate "2011.07.13"]
[SourceVersion "1"]
[SourceVersionDate "2019.06.21"]
[SourceQuality "1"]

1. d4 d5 2. c4 e6 3. Nc3 Be7 4. Nf3 Nf6 5. Bg5 O-O 6. e3 c6 7. Rc1 Nbd7 8. Bd3
dxc4 9. Bxc4 Nd5 10. Bxe7 Qxe7 11. Ne4 N5f6 12. Ng3 c5 13. O-O b6 14. e4 Bb7
15. d5 exd5 16. exd5 Qd8 17. Re1 b5 18. Bxb5 Bxd5 19. b3 Rc8 20. Nf5 Be6 21.
Nd6 Rb8 22. Rxe6 fxe6 23. Ng5 Rb6 24. Bc4 Qe7 25. Bxe6+ Kh8 26. Ndf7+ Rxf7 27.
Nxf7+ Kg8 28. Bc4 Kf8 29. Qd2 Ne5 30. Nxe5 Qxe5 31. Re1 Qd6 32. Qe2 Rb8 33. Qf3
Rd8 34. g3 Qd2 35. Re5 Qd1+ 36. Qxd1 Rxd1+ 37. Kg2 Rd2 38. Rxc5 Rxa2 39. Rc8+
Ke7 40. Rc7+ Kd6 41. Rxg7 a5 42. Kf3 h5 43. h3 Nd7 44. Ke3 Ne5 45. Bg8 a4 46.
bxa4 Rxa4 47. f4 Nd7 48. Rg6+ Ke7 49. Bd5 Ra3+ 50. Kf2 h4 51. g4 Rxh3 52. Bf3
Rh2+ 53. Ke3 Rh3 54. g5 Nf8 55. Rg7+ Kd6 56. Ke4 Rg3 57. f5 Nd7 58. Rg6+ Ke7
59. Be2 h3 60. Kf4 Rg2 61. Bf3 Rb2 62. Rh6 h2 63. Kg3 Ra2 64. Rxh2 Ra3 65. Re2+
Kf8 66. Kf4 Nc5 67. f6 Nd3+ 68. Kg3 Ra5 69. Kh4 Nf4 70. Re4 Nd5 71. Bh5 Ra8 72.
Bg6 Rb8 73. Kh5 Rd8 74. Kh6 Rb8 75. Re8+ Rxe8 1-0

[Event "13. Obert Int. Sant Marti 2011"]
[Site "Barcelona ESP"]
[Date "2011.07.19"]
[Round "7.9"]
[White "Carstensen, Jacob"]
[Black "Abreu Delgado, Aryam"]
[Result "1/2-1/2"]
[WhiteElo "2391"]
[BlackElo "2479"]
[PlyCount "73"]
[EventDate "2011.07.13"]
[EventType "swiss"]
[EventRounds "9"]
[EventCountry "ESP"]
[SourceTitle "Ajedrez en Madrid"]
[Source "lmi"]
[SourceDate "2011.07.13"]
[SourceVersion "1"]
[SourceVersionDate "2019.06.21"]
[SourceQuality "1"]

1. d4 Nf6 2. c4 g6 3. Nc3 d5 4. Bf4 Bg7 5. e3 c5 6. dxc5 Qa5 7. Rc1 dxc4 8.
Bxc4 O-O 9. Nf3 Qxc5 10. Bb3 Nc6 11. O-O Qa5 12. h3 Bf5 13. Qe2 Ne4 14. Nd5 e5
15. Rxc6 bxc6 16. Ne7+ Kh8 17. Nxc6 Qb6 18. Ncxe5 Be6 19. Bxe6 Qxe6 20. Qc2 f5
21. Qa4 g5 22. Bh2 a6 23. Rd1 Rad8 24. Nd4 Qd5 25. Nec6 Rd7 26. Be5 Bxe5 27.
Nxe5 Nc5 28. Nxd7 Nxa4 29. Nxf8 Kg8 30. Nfe6 Nxb2 31. Rc1 h6 32. Rc8+ Kf7 33.
Rf8+ Ke7 34. Re8+ Kf7 35. Rf8+ Ke7 36. Re8+ Kf7 37. Rf8+ 1/2-1/2

[Event "13. Obert Int. Sant Marti 2011"]
[Site "Barcelona ESP"]
[Date "2011.07.19"]
[Round "7.10"]
[White "Beltran Rueda, Santiago"]
[Black "Jimenez Fraga, Pedro Alejandro"]
[Result "0-1"]
[WhiteElo "2376"]
[BlackElo "2464"]
[PlyCount "56"]
[EventDate "2011.07.13"]
[EventType "swiss"]
[EventRounds "9"]
[EventCountry "ESP"]
[SourceTitle "Ajedrez en Madrid"]
[Source "lmi"]
[SourceDate "2011.07.13"]
[SourceVersion "1"]
[SourceVersionDate "2019.06.21"]
[SourceQuality "1"]

1. c4 Nf6 2. Nc3 g6 3. g3 Bg7 4. Bg2 d6 5. d4 O-O 6. Nf3 Nbd7 7. O-O e5 8. e4
a6 9. h3 exd4 10. Nxd4 Re8 11. Be3 Rb8 12. a4 c6 13. Qc2 a5 14. Rad1 Qc7 15. f4
Nc5 16. Rfe1 Nfd7 17. Ndb5 cxb5 18. Nxb5 Qd8 19. Nxd6 b6 20. e5 Re6 21. Nxf7
Kxf7 22. Bxc5 bxc5 23. Bd5 Qe7 24. Bxe6+ Qxe6 25. Rd6 Qxh3 26. e6+ Kf8 27. exd7
Qxg3+ 28. Kf1 Bxd7 0-1

[Event "13. Obert Int. Sant Marti 2011"]
[Site "Barcelona ESP"]
[Date "2011.07.19"]
[Round "7.11"]
[White "Gonzalez Rodriguez, Jorge A."]
[Black "Gavilan Diaz, Mario"]
[Result "1-0"]
[WhiteElo "2434"]
[BlackElo "2266"]
[PlyCount "83"]
[EventDate "2011.07.13"]
[EventType "swiss"]
[EventRounds "9"]
[EventCountry "ESP"]
[SourceTitle "Ajedrez en Madrid"]
[Source "lmi"]
[SourceDate "2011.07.13"]
[SourceVersion "1"]
[SourceVersionDate "2019.06.21"]
[SourceQuality "1"]

1. c4 e5 2. Nc3 Nf6 3. g3 c6 4. Nf3 e4 5. Nd4 d5 6. cxd5 cxd5 7. Bg2 Nc6 8.
Nxc6 bxc6 9. d3 exd3 10. Qxd3 Be7 11. O-O O-O 12. b3 Qa5 13. Bb2 Ba6 14. Qc2
Rfe8 15. Rfd1 Bf8 16. Rac1 Rad8 17. e3 Bb7 18. Rd4 c5 19. Ra4 Qb6 20. Rh4 d4
21. Na4 Qb5 22. exd4 Bxg2 23. Kxg2 cxd4 24. Bxd4 Re2 25. Qc6 Qf5 26. Nc3 Re6
27. Qb5 Qg6 28. Bxa7 Rd2 29. a4 h6 30. h3 Ba3 31. Rd1 Rb2 32. Nd5 Ne4 33. Rg4
Ng5 34. Qd3 f5 35. Rc4 Ne4 36. Rc8+ Kh7 37. Nf4 Qf7 38. Qd8 Bf8 39. Qxf8 Qxf8
40. Rxf8 Re7 41. Rdd8 g5 42. Rh8+ 1-0

[Event "13. Obert Int. Sant Marti 2011"]
[Site "Barcelona ESP"]
[Date "2011.07.19"]
[Round "7.12"]
[White "Martinez Ramirez, Erik"]
[Black "Matnadze, Ana"]
[Result "1/2-1/2"]
[WhiteElo "2257"]
[BlackElo "2428"]
[PlyCount "113"]
[EventDate "2011.07.13"]
[EventType "swiss"]
[EventRounds "9"]
[EventCountry "ESP"]
[SourceTitle "Ajedrez en Madrid"]
[Source "lmi"]
[SourceDate "2011.07.13"]
[SourceVersion "1"]
[SourceVersionDate "2019.06.21"]
[SourceQuality "1"]

1. e4 e5 2. Nf3 d6 3. d4 exd4 4. Nxd4 g6 5. Nc3 Bg7 6. Be3 Nf6 7. f3 O-O 8. Qd2
d5 9. exd5 Nxd5 10. Nxd5 Qxd5 11. c3 Re8 12. Kf2 a6 13. Ne2 Qxd2 14. Bxd2 Nc6
15. Bf4 Ne5 16. Rd1 Be6 17. b3 Rad8 18. Rxd8 Rxd8 19. Nd4 Bc8 20. b4 Nc6 21.
Nxc6 bxc6 22. Be2 Bxc3 23. Rc1 Bd4+ 24. Be3 Bxe3+ 25. Kxe3 Rd6 26. Rc5 Kf8 27.
Ra5 Ke7 28. Bxa6 Bxa6 29. Rxa6 Kd7 30. Ra8 Rd1 31. a3 h5 32. h4 Rg1 33. Kf2 Rh1
34. g3 Ke7 35. Ra5 Rh2+ 36. Ke3 Ra2 37. Kf4 Kd6 38. g4 Rh2 39. Kg3 Ra2 40. gxh5
gxh5 41. Kf4 f6 42. Ke3 Ra1 43. Kd4 Rd1+ 44. Kc4 Rc1+ 45. Kd4 Rd1+ 46. Kc3 Rf1
47. Rf5 Ke6 48. Rxh5 Rxf3+ 49. Kb2 f5 50. a4 Kd5 51. a5 Kc4 52. a6 Rf2+ 53. Kb1
Kb3 54. Kc1 Ra2 55. Rxf5 Kxb4 56. h5 Rxa6 57. Rf4+ 1/2-1/2

[Event "13. Obert Int. Sant Marti 2011"]
[Site "Barcelona ESP"]
[Date "2011.07.19"]
[Round "7.13"]
[White "Ortiz Suarez, Isan Reynaldo"]
[Black "Exposito Amaro, Josue"]
[Result "1-0"]
[WhiteElo "2556"]
[BlackElo "2258"]
[PlyCount "103"]
[EventDate "2011.07.13"]
[EventType "swiss"]
[EventRounds "9"]
[EventCountry "ESP"]
[SourceTitle "Ajedrez en Madrid"]
[Source "lmi"]
[SourceDate "2011.07.13"]
[SourceVersion "1"]
[SourceVersionDate "2019.06.21"]
[SourceQuality "1"]

1. e4 c5 2. Nf3 Nc6 3. d4 cxd4 4. Nxd4 e5 5. Nb5 a6 6. Nd6+ Bxd6 7. Qxd6 Qf6 8.
Qxf6 Nxf6 9. Nc3 Nb4 10. Kd2 d6 11. a3 Nc6 12. Ke1 h6 13. Be3 Be6 14. f3 d5 15.
exd5 Nxd5 16. Nxd5 Bxd5 17. Rd1 O-O-O 18. Bb6 Rd7 19. Bd3 Re8 20. Kf2 Be6 21.
Rhe1 g6 22. b4 Bf5 23. Bxf5 gxf5 24. c4 Re6 25. Bc5 e4 26. f4 b6 27. Rxd7 Kxd7
28. Rd1+ Ke8 29. Be3 Ne7 30. b5 axb5 31. cxb5 Nc8 32. a4 Ke7 33. Rd5 Kf6 34.
Rd8 Nd6 35. Rb8 Nc4 36. Bd4+ Ke7 37. Rc8 Na5 38. Rc7+ Ke8 39. Be3 Rd6 40. h3
Rg6 41. g4 fxg4 42. hxg4 Rxg4 43. Bxb6 Rxf4+ 44. Ke3 Rf3+ 45. Kxe4 Ra3 46. Bxa5
Rxa4+ 47. Kd5 Rxa5 48. Kd6 Kf8 49. b6 Rb5 50. b7 Kg7 51. Kc6 Rb1 52. Rc8 1-0

[Event "13. Obert Int. Sant Marti 2011"]
[Site "Barcelona ESP"]
[Date "2011.07.19"]
[Round "7.15"]
[White "Ryan, Joseph"]
[Black "Rojas Keim, Luis"]
[Result "1/2-1/2"]
[WhiteElo "2267"]
[BlackElo "2438"]
[PlyCount "81"]
[EventDate "2011.07.13"]
[EventType "swiss"]
[EventRounds "9"]
[EventCountry "ESP"]
[SourceTitle "Ajedrez en Madrid"]
[Source "lmi"]
[SourceDate "2011.07.13"]
[SourceVersion "1"]
[SourceVersionDate "2019.06.21"]
[SourceQuality "1"]

1. e4 e6 2. d4 d5 3. Nc3 Bb4 4. e5 c5 5. a3 Bxc3+ 6. bxc3 Ne7 7. Qg4 Kf8 8. Qd1
Qa5 9. Bd2 cxd4 10. cxd4 Qa4 11. Nf3 b6 12. h4 Ba6 13. Bxa6 Qxa6 14. h5 h6 15.
a4 Nbc6 16. Qe2 Qc4 17. Qxc4 dxc4 18. Ke2 Nd5 19. c3 Na5 20. g3 Nb3 21. Ra2 Ke7
22. Nh4 Rhb8 23. f4 b5 24. axb5 Rxb5 25. f5 a5 26. fxe6 fxe6 27. Rf1 Rab8 28.
Ng6+ Kd7 29. Rf7+ Kc6 30. Ne7+ Nxe7 31. Rxe7 Kd5 32. Rxg7 R8b7 33. Rxb7 Rxb7
34. Kf3 Rf7+ 35. Bf4 Ra7 36. g4 Rh7 37. Ra4 Rh8 38. Ke3 Rh7 39. Kf3 Rh8 40. Ke3
Rh7 41. Kf3 1/2-1/2

[Event "13. Obert Int. Sant Marti 2011"]
[Site "Barcelona ESP"]
[Date "2011.07.19"]
[Round "7.16"]
[White "Dalo, Hermes"]
[Black "Pogorelov, Ruslan"]
[Result "1/2-1/2"]
[WhiteElo "2049"]
[BlackElo "2430"]
[PlyCount "228"]
[EventDate "2011.07.13"]
[EventType "swiss"]
[EventRounds "9"]
[EventCountry "ESP"]
[SourceTitle "Ajedrez en Madrid"]
[Source "lmi"]
[SourceDate "2011.07.13"]
[SourceVersion "1"]
[SourceVersionDate "2019.06.21"]
[SourceQuality "1"]

1. d4 Nf6 2. c4 e6 3. Nc3 Bb4 4. e3 O-O 5. Bd3 c5 6. Nge2 d5 7. cxd5 cxd4 8.
exd4 Nxd5 9. O-O Nc6 10. Bc2 Nf6 11. Bg5 Be7 12. a3 b6 13. Qd3 g6 14. b4 Bb7
15. Rfd1 Rc8 16. Bb3 Re8 17. Qh3 Nd5 18. Bxe7 Ncxe7 19. Rac1 Nxc3 20. Nxc3 Nd5
21. Nxd5 Rxc1 22. Rxc1 Bxd5 23. Bxd5 Qxd5 24. Qe3 Rd8 25. h3 Qxd4 26. Qxd4 Rxd4
27. Rc7 a5 28. b5 Rd5 29. a4 Rd4 30. Rc6 Rxa4 31. Rxb6 Rb4 32. Rb8+ Kg7 33. b6
g5 34. Ra8 Rxb6 35. Rxa5 Kg6 36. g4 Rb4 37. Kg2 h5 38. Kg3 h4+ 39. Kg2 Rd4 40.
Rb5 Kf6 41. Ra5 Rd6 42. Rb5 e5 43. Ra5 Ke6 44. Rb5 f6 45. Ra5 e4 46. Ra4 Ke5
47. Ra5+ Rd5 48. Ra8 Rd6 49. Ra5+ Kd4 50. Ra4+ Kd5 51. Ra5+ Kc6 52. Rf5 Kd7 53.
Ra5 Re6 54. Ra3 Kd6 55. Ra5 Kd7 56. Ra3 Kc7 57. Ra5 e3 58. fxe3 Rxe3 59. Ra6
Rg3+ 60. Kh2 Rf3 61. Kg2 Rf4 62. Re6 Kd7 63. Ra6 Ke7 64. Rb6 Rd4 65. Kf3 Rd3+
66. Kg2 Rd2+ 67. Kg1 Rd4 68. Rb5 Ke6 69. Ra5 Rd5 70. Ra3 Ke5 71. Rf3 Rd6 72.
Rf2 Ke4 73. Kg2 Rc6 74. Ra2 Rc3 75. Rf2 Rg3+ 76. Kh2 Rf3 77. Ra2 Rc3 78. Rf2
Rc6 79. Kg2 Rd6 80. Re2+ Kd3 81. Ra2 Ke3 82. Ra3+ Rd3 83. Rxd3+ Kxd3 84. Kf3
Kd4 85. Kf2 Ke5 86. Ke3 Kd5 87. Kf3 Kd6 88. Kf2 Ke6 89. Ke2 Kd6 90. Kf2 Ke7 91.
Ke3 Kd7 92. Kf3 Kc6 93. Ke3 Kc5 94. Ke2 Kc4 95. Ke3 Kd5 96. Kf3 Kd4 97. Kf2 Ke4
98. Ke2 f5 99. gxf5 Kxf5 100. Kf3 Kf6 101. Kf2 Ke6 102. Ke2 Ke7 103. Ke3 Kf7
104. Kf3 Kg7 105. Ke3 Kg6 106. Ke2 Kh6 107. Kf2 Kg7 108. Ke3 Kh7 109. Kf3 Kg6
110. Ke2 Kf6 111. Kf2 Ke5 112. Ke3 Kd5 113. Kf3 Ke5 114. Ke3 Kd5 1/2-1/2